Statistiques concernant Europe carte quiz - une minute sprint

Cliquez ici pour prendre le quiz!

Statistiques générales

  • Ce quiz a été pris 316 fois
  • Le résultat moyen est 18 sur 45

Réponses sur la Carte

Les réponses sont colorées sur une échelle allant du rouge au vert en fonction du pourcentage des utilisateurs qui les ont devinées à leur premier essai. Vous pouvez retrouver ces pourcentages ci-dessous.
 

Statistiques - réponses

Réponse% Correct
Espagne
95%
France
95%
Irlande
91%
Italie
91%
Islande
90%
Portugal
89%
Grèce
87%
Royaume-Uni
87%
Russie
82%
Finlande
79%
Allemagne
78%
Norvège
77%
Danemark
74%
Suède
71%
Pays-Bas
70%
Belgique
69%
Luxembourg
61%
Suisse
59%
Autriche
53%
République tchèque
38%
Pologne
31%
Slovaquie
28%
Estonie
22%
Lettonie
22%
Lituanie
21%
Biélorussie
18%
Ukraine
12%
Albanie
11%
Andorre
11%
Bulgarie
11%
Moldavie
10%
Bosnie-Herzégovine
9%
Croatie
9%
Hongrie
8%
Roumanie
8%
Kosovo
7%
Liechtenstein
7%
Macédoine
7%
Monaco
7%
Malte
6%
Monténégro
4%
Vatican
4%
Saint-Marin
3%
Serbie
3%
Slovénie
3%

Distribution des résultats

Percentile par nombre de réponses

% des personnes avec chaque résultat

Votre développement - résultats

Vous n’avez pas pris ce quiz